00241nam a22000857a 4500008004100000082002100041245004400062260003400106300001500140230704b xxu||||| |||| 00| 0 eng d a341.08bFOL 1962 aDocuments on International Affairs 1958 bOxford University Pressc1962 aXVIII,605p